| 000 | 01046cab a2200241 4500 | ||
|---|---|---|---|
| 001 | WB3012-32 | ||
| 008 | 090401t1994 xxu||||| |||| 00| 0 eng d | ||
| 035 | _a(Sirsi) u10825 | ||
| 041 | _aeng | ||
| 245 | _aArchitects | ||
| 260 | _c1994 | ||
| 350 | _a0 | ||
| 490 |
_aEstates Gazette Case Summaries _v(1994) EGCS 46(1) (19/3/94) |
||
| 520 | _a"E H Cardy & Son v Edward Vye Taylor and Paul Roberts & Associates (a firm) (third party)" ORB 10 February 1994. The defendant hotelier was awarded damages for loss as C, a builder, had failed to conduct proper site measurements resulting in building delays, lower star-rating and subsequent forced sale of the finished hotel. The third party, a firm of architects, subcontracted by C to undertake design, was held to be liable in negligence. | ||
| 650 | _aARCHITECTS | ||
| 650 | _aNEGLIGENCE | ||
| 650 | _aSITE MEASUREMENTS | ||
| 650 | _aSITE SPECIFICATIONS | ||
| 650 | _aSUPERVISION | ||
| 690 | _aMANAGEMENT-BUSINESS MANAGEMENT-PROFESSIONAL PRACTICE | ||
| 942 | _n0 | ||
| 948 | _c04/03/1997 | ||
| 999 |
_c6888 _d6888 |
||